Statistiques concernant Harry Potter: l'Infirmerie

Cliquez ici pour prendre le quiz!

Statistiques générales

  • Ce quiz a été pris 48 fois
  • Le résultat moyen est 13 sur 32

Statistiques - réponses

InformationRéponses% Correct
Patient connuHarry Potter
97%
Patiente connueHermione Granger
97%
Première apparitionHarry Potter à l'école des sorciers
89%
Patient connuRon Weasley
89%
InfirmièrePompom Pomfresh
87%
Dernière apparitionHarry Potter et le Prince cde Sang-Mêlé
82%
Patient connuDrago Malefoy
71%
Patient connuColin Crivey
68%
Patient connuNeville Londubat
66%
Patient connuFred Weasley
63%
Patient connuGeorge Weasley
63%
Patient connuJustin Finch-Fletchley
50%
EmplacementPoudlard
42%
Patiente connueMinerva McGonagall
39%
Patient connuBill Weasley
34%
Patiente connuePénélope Deauclaire
34%
Patient connuGregory Goyle
29%
Patiente connuePansy Parkinson
29%
Patiente connueKatie Bell
26%
Patient connuAlastor Maugrey
24%
Patiente connueDolores Ombrage
24%
Patiente connueAlicia Spinnet
18%
Patient connuCormac McLaggen
16%
Patient connuFilius Flitwick
16%
Patiente connueMarietta Edgecombe
16%
Patiente connueEloïse Midgen
11%
Patient connuJack Sloper
8%
Patient connuMontague
8%
Patiente connueLeanne
5%
Patiente connueMiss Faucett
5%
Patient connuSummers
5%
Patient connuWarrington
5%

Distribution des résultats

Percentile par nombre de réponses

% des personnes avec chaque résultat

Votre développement - résultats

Vous n’avez pas pris ce quiz